Visualizzazione normale
Vista MARC
- Glahé Will
di Personal Name
Records bibliografici associati: 1
001 - CONTROL NUMBER
- control field: 5806
003 - CONTROL NUMBER IDENTIFIER
- control field: IT-RoPau
005 - DATE AND TIME OF LATEST TRANSACTION
- control field: 20131217163316.0
008 - FIXED-LENGTH DATA ELEMENTS
- fixed length control field: 131217|| aca||aabn | a|a d
040 ## - CATALOGING SOURCE
- Original cataloging agency: IT-RoPau
- Transcribing agency: IT-RoPau
100 ## - HEADING--PERSONAL NAME
- Personal name: Glahé Will
- Dates associated with a name: Codice autore musica SPICS: 8033
- Relator term: Autore musica
- Name of part/section of a work: Clarinetten Polka
670 ## - SOURCE DATA FOUND
- Source citation: Work cat.: (IT-RoPau)99914: AA.VV. 794, Concerto in Phase 4 stereo Spectacular (Lp Decca Sph 6)